000
00341 a2200157 4500
001
46872
020
_a
9788573405668
040
_c
Anchieta - Aquarius
100
_a
Wojtowycz, David
240
1
0
_a
*O que há no mar?
_l
por
245
1
0
_a
*O que há no mar?
300
_a
362
0
_a
2002
650
4
_a
Literatura infantil
942
_c
BK
999
_c
46872
_d
46872